[Event "Oberliga Nord W 1617"]
[Site "Germany"]
[Date "2017.05.07"]
[Round "9.7"]
[White "Kohlmeier, Frank"]
[Black "Bos, Robin"]
[Result "0-1"]
[WhiteElo "1951"]
[BlackElo "1974"]
[PlyCount "56"]
[EventDate "2016.10.16"]
[EventType "team-tourn"]
[EventRounds "9"]
[EventCountry "GER"]
[SourceTitle "EXT 2018"]
[Source "ChessBase"]
[SourceDate "2017.10.13"]
[SourceVersion "1"]
[SourceVersionDate "2017.10.13"]
[SourceQuality "1"]
[WhiteTeam "Goettingen Tempo"]
[BlackTeam "Nordhorn Blanke"]
[WhiteTeamCountry "GER"]
[BlackTeamCountry "GER"]

1. e4 c5 2. Nf3 Nc6 3. d4 cxd4 4. Nxd4 Nf6 5. Nc3 e5 6. Nb3 Bb4 7. Bd3 d5 8. exd5 Nxd5 9. Bd2 Nxc3 10. Bxc3 Bxc3+ 11. bxc3 0-0 12. 0-0 b6 13. Re1 Bb7 14. Qg4 g6 15. Rad1 Qc7 16. Re3 Rae8 17. h4 Ne7 18. h5 Nd5 19. Rg3 Nf4 20. hxg6 hxg6 21. Bf1 f5 22. Qg5 Re7 23. Qh6 Rh7 24. Rxg6+ Nxg6 25. Qxg6+ Kh8 26. Qe6 Qg7 27. Rd7 Qxd7 28. Qxe5+ Qg7 0-1

[Event "Oberliga Nord W 1516"]
[Site "Germany"]
[Date "2016.01.17"]
[Round "5.7"]
[White "Kohlmeier, Frank"]
[Black "Boehm, Jana"]
[Result "0-1"]
[WhiteElo "2009"]
[BlackElo "1930"]
[PlyCount "66"]
[EventDate "2015.09.20"]
[EventType "team-tourn"]
[EventRounds "9"]
[EventCountry "GER"]
[SourceTitle "CBM 170 Extra"]
[Source "ChessBase"]
[SourceDate "2016.02.25"]
[SourceVersion "1"]
[SourceVersionDate "2016.02.25"]
[SourceQuality "1"]
[WhiteTeam "Goettingen Tempo"]
[BlackTeam "Hellern"]
[WhiteTeamCountry "GER"]
[BlackTeamCountry "GER"]

1. e4 e6 2. d4 d5 3. Nd2 Nf6 4. e5 Nfd7 5. Bd3 c5 6. c3 Nc6 7. Ne2 cxd4 8. cxd4 f6 9. exf6 Nxf6 10. Nf3 Bd6 11. Bf4 Qa5+ 12. Kf1 Qc7 13. Bxd6 Qxd6 14. Qc2 0-0 15. h3 Bd7 16. Re1 Rac8 17. Qb1 a6 18. a3 e5 19. dxe5 Nxe5 20. Nxe5 Qxe5 21. Ng3 Qf4 22. Ne2 Qe5 23. Ng3 Qd4 24. Ne2 Qb6 25. f3 Rfe8 26. b4 Re3 27. Nf4 Qd4 28. Rxe3 Qxe3 29. Ne2 Nh5 30. Bxh7+ Kh8 31. Bc2 Bb5 32. Qe1 Bxe2+ 33. Qxe2 Ng3+ 0-1

[Event "Oberliga Nord W 1415"]
[Site "Germany"]
[Date "2014.12.07"]
[Round "4.8"]
[White "Kohlmeier, Frank"]
[Black "Buescher, Andre"]
[Result "1/2-1/2"]
[WhiteElo "1995"]
[BlackElo "2083"]
[PlyCount "38"]
[EventDate "2014.09.22"]
[EventType "team-tourn"]
[EventRounds "9"]
[EventCountry "GER"]
[SourceTitle "EXT 2016"]
[Source "ChessBase"]
[SourceDate "2015.10.08"]
[SourceVersion "1"]
[SourceVersionDate "2015.10.08"]
[SourceQuality "1"]
[WhiteTeam "Goettingen Tempo"]
[BlackTeam "Werder Bremen II"]
[WhiteTeamCountry "GER"]
[BlackTeamCountry "GER"]

1. e4 e6 2. d4 d5 3. Nd2 Nc6 4. c3 e5 5. exd5 Qxd5 6. Ngf3 Bg4 7. Bc4 Bxf3 8. Qxf3 Qxf3 9. Nxf3 exd4 10. cxd4 Bb4+ 11. Bd2 Nge7 12. 0-0-0 Bxd2+ 13. Rxd2 0-0 14. Re1 Nf5 15. d5 Na5 16. Bd3 Nd6 17. Re7 Rac8 18. Rc2 c5 19. dxc6 Nxc6 1/2-1/2